000 00505nam a2200169 i 4500
001 21581
003 ES-MaACL
005 20230906152516.0
007 t|
008 021126s1971 xxu ||||1| eng d
100 1 _aAlbertsson, Per-Ake.
_919370
245 1 0 _aPartition of cell particles and macromolecules /
_cPer-Ake Albertsson.
250 _a2nd ed.
260 _aNew York, etc. :
_bWiley-Interscience,
_c[1971]
300 _a232 p., 6 lám. :
_bil. ;
_c24 cm.
852 _aES-MaACL
_jC-56329
_bR.89162
999 _c21581
_d21581